Sheep on the farm / (Record no. 3258)

MARC details
000 -LEADER
fixed length control field 00948cam a2200289 a 4500
005 - DATE AND TIME OF LATEST TRANSACTION
control field 20250828153623.0
020 ## - INTERNATIONAL STANDARD BOOK NUMBER
International Standard Book Number 9781615902675 (hardcover : alk. paper)
020 ## - INTERNATIONAL STANDARD BOOK NUMBER
International Standard Book Number 9781615905072
040 ## - CATALOGING SOURCE
Original cataloging agency DLC
Transcribing agency DLC
Modifying agency DLC
Language of cataloging eng
050 00 - LIBRARY OF CONGRESS CALL NUMBER
Classification number SF375.M38
Item number 2011
082 00 - DEWEY DECIMAL CLASSIFICATION NUMBER
Classification number 636.3
100 1# - MAIN ENTRY--PERSONAL NAME
Personal name Mattern, Joanne
Dates associated with a name 1963-
245 10 - TITLE STATEMENT
Title Sheep on the farm /
Statement of responsibility, etc. by Mattern,Joanne
260 ## - PUBLICATION, DISTRIBUTION, ETC.
Place of publication, distribution, etc. Florida :
Name of publisher, distributor, etc. Rourke Publushing ,
Date of publication, distribution, etc. 2011
300 ## - PHYSICAL DESCRIPTION
Extent 24 pages :
Other physical details color illustrations ;
Dimensions 21 cm.
490 0# - SERIES STATEMENT
Series statement Rourke discovery library
490 0# - SERIES STATEMENT
Series statement Farm animals
505 0# - FORMATTED CONTENTS NOTE
Formatted contents note N <br/>
520 ## - SUMMARY, ETC.
Summary, etc. Curious Kids Will Learn About Sheep, How Farmers Care For Them, And What Benefits We Get From These Farm Animals.
521 ## - TARGET AUDIENCE NOTE
Target audience note 570 <br/>
Source Lexile <br/>
521 ## - TARGET AUDIENCE NOTE
Target audience note N <br/>
Source Raz-Plus <br/>
650 #0 - SUBJECT ADDED ENTRY--TOPICAL TERM
Topical term or geographic name entry element Sheep
Form subdivision Juvenile literature
650 #0 - SUBJECT ADDED ENTRY--TOPICAL TERM
Topical term or geographic name entry element Sheep ranches
Form subdivision Juvenile literature
906 ## - LOCAL DATA ELEMENT F, LDF (RLIN)
a 7
b cbc
c orignew
d 1
e ecip
f 20
g y-gencatlg
942 ## - ADDED ENTRY ELEMENTS (KOHA)
Source of classification or shelving scheme Dewey Decimal Classification
Koha item type Books
Suppress in OPAC No
999 ## -
-- 3258
-- 3258
Holdings
Withdrawn status Lost status Source of classification or shelving scheme Damaged status Not for loan Collection Home library Current library Shelving location Date acquired Total Checkouts Full call number Barcode Date last seen Date last checked out Price effective from Koha item type Copy number
    Dewey Decimal Classification     Non-Fiction Footprints International School Library Network Toul Tom Poung Campus Footprints International School Library Network Toul Tom Poung Campus TTP Primary Yellow Bookshelves 02/22/2024 1 MAT 636.3 SF375.M38 FISTK00766 06/03/2025 05/09/2025 02/22/2024 Books  
    Dewey Decimal Classification     Non-Fiction Footprints International School Library Network Toul Tom Poung Campus Footprints International School Library Network Toul Tom Poung Campus TTP Primary Yellow Bookshelves 08/28/2025   MAT 636.3 SF375.M38 FIS02959 08/28/2025   08/28/2025 Books 2